| 000 | 01596nam a22002657a 4500 | ||
|---|---|---|---|
| 005 | 20180115102802.0 | ||
| 010 | _aBAC-HN24 HIN-103299 B-564392-399 B-667003 | ||
| 020 |
_a9789350725467 _c300.00 |
||
| 035 | _aB-564392-399 | ||
| 035 | _aHN-75645 | ||
| 035 | _aB-667003 | ||
| 037 | _bवाणी | ||
| 037 | _bDBAD / PUB | ||
| 082 | _a821.8 | ||
| 100 | _aराना, मुनव्वर | ||
| 245 |
_aफुन्नक ताल / _cमुनव्वर राना ;कैफ सिद्दीकी सुलतानपूरी द्वारा अनुवादित |
||
| 246 |
_aPhunnak taal _bby Munavvar Rana |
||
| 260 |
_aनई दिल्ली _bवाणी प्रकाशन _c2013 |
||
| 270 |
_a4695,21-ए दरियागंज, _bनई दिल्ली _e110002 _k+91 11 23273167 _l+91 11 23275710 _mvaniprakashan@gmail.com |
||
| 300 |
_a128 पृ. _c22 सें.मी.(सजिल्द) |
||
| 700 |
_aकैफ सिद्दीकी सुलतानपूरी _949538 |
||
| 942 |
_2ddc _cHN _h821.08 _mरानामु |
||
| 999 |
_c85836 _d85836 |
||